15 Największych miast w województwie Zachodniopomorskim - Statystyki

Ogólne statystyki
  • Ten quiz został rozwiązany 20 razy
  • Średni wynik to 11 z 15
Statystyki odpowiedzi
nr ludność miasto % Poprawnych
1 390,000 Szczecin
100%
4 44,000 Kołobrzeg
95%
2 106,000 Koszalin
95%
5 40,000 Świnoujście
95%
7 31,000 Police
89%
3 67,000 Stargard
89%
11 20,000 Gryfino
74%
6 38,000 Szczecinek
74%
8 24,000 Wałcz
74%
13 15,500 Gryfice
68%
9 23,000 Białogard
63%
10 21,500 Goleniów
58%
12 16,000 Nowogard
53%
15 14,000 Choszczno
47%
14 15,000 Świdwin
47%
Nie znaleziono quizów pasujących do podanych kryteriów
Rozkład punktacji
Procent ludzi z każdym wynikiem
Percentyl według liczby udzielonych odpowiedzi
Twoja historia wyników
Nie rozwiązałeś tego quizu